000 01471cam a2200205 4500500
005 20260208002220.0
041 _afre
042 _adc
100 1 0 _aGomez, Jean-François
_eauthor
245 0 0 _aAimer son travail : 13 novembre 2015 dans un hôpital parisien
260 _c2017.
500 _a26
520 _aÀ partir du récit de la nuit du 13 novembre 2015 à l’hôpital Saint-Antoine à Paris, proche du Bataclan, l’auteur étudie le comportement du personnel hospitalier, pris dans la tourmente d’événements exceptionnels. La gravité de la situation va les obliger à s’adapter très rapidement ; les principes de hiérarchie et d’organisation se verront radicalement modifiés. L’auteur en tire des réflexions actuelles sur les orientations managériales à l’hôpital, puis par extension sur les évolutions du travail social, alimentées par les travaux récents de deux sociologues. Pour l’idéologie managériale, la grande inconnue est précisément la « merveille » qui s’est produite à Saint-Antoine et qui a pu enfin se libérer : la capacité des professionnels d’aimer leur travail et de s’y investir en pleine capacité.
690 _agestion de la motivation
690 _ahôpital
690 _amanagement
690 _asituation extrême
786 0 _nEmpan | 105 | 1 | 2017-03-16 | p. 88-95 | 1152-3336
856 4 1 _uhttps://shs.cairn.info/revue-empan-2017-1-page-88?lang=fr&redirect-ssocas=7080
999 _c1645856
_d1645856